ბათუმის შოთა რუსთაველის სახელმწიფო უნივერსიტეტის ბიბლიოთეკა

ზოგადი მიწათმოქმედების ლაბორატორიული პრაქტიკუმის სახელმძღვანელო. (ბიბ.ჩანაწერი № 44653)

000 -LEADER
fixed length control field 00994nam a2200205Ia 4500
001 - CONTROL NUMBER
control field 11456
003 - CONTROL NUMBER IDENTIFIER
control field GE_BSU
008 - FIXED-LENGTH DATA ELEMENTS--GENERAL INFORMATION
fixed length control field 181216s||||||||xx |||||||||||||| ||und||
040 ## - CATALOGING SOURCE
Transcribing agency GE_BSU
100 ## - MAIN ENTRY--PERSONAL NAME
Personal name ქეშელაშვილი,გ.ნ; ბაწელაშვილი,ნ.ბ.
245 ## - TITLE STATEMENT
Title ზოგადი მიწათმოქმედების ლაბორატორიული პრაქტიკუმის სახელმძღვანელო.
245 ## - TITLE STATEMENT
Remainder of title (მოკლე კურსი)
245 ## - TITLE STATEMENT
Statement of responsibility, etc. რედ:გ.რცხილაძე.
260 ## - PUBLICATION, DISTRIBUTION, ETC.
Place of publication, distribution, etc. თბილისი
260 ## - PUBLICATION, DISTRIBUTION, ETC.
Name of publisher, distributor, etc. სას-სამ.ინ-ტის გამ-ბა.
260 ## - PUBLICATION, DISTRIBUTION, ETC.
Date of publication, distribution, etc. 1954.
300 ## - PHYSICAL DESCRIPTION
Extent 165გვ;23სმ.
653 ## - INDEX TERM--UNCONTROLLED
Uncontrolled term ზოგადი მიწათმოქმედების ლაბორატორიული პრაქტიკუმის სახელმძღვანელო (მოკლე კურსი).
942 ## - ADDED ENTRY ELEMENTS (KOHA)
Koha item type წიგნი
ეგზემპლარები
Withdrawn status Lost status Damaged status Not for loan Date acquired Barcode Date last seen Price effective from Koha item type
        2018-12-17 20200 2018-12-17 2018-12-17 წიგნი